| 000 | 00825nam a2200241 u 4500 | ||
|---|---|---|---|
| 005 | 20210223131311.0 | ||
| 008 | 100602s2008 mx r 000 0 spa d | ||
| 020 | _a9789708101264 | ||
| 035 | _aUPN01000176275 | ||
| 049 | _aCG | ||
| 050 | 4 |
_aQB983 _bH3.2 |
|
| 100 | 1 |
_aHawking, Lucy, _d1970- _932733 |
|
| 245 | 1 | 3 |
_aLa clave secreta del universo / _cLucy Hawking, Stephen Hawking, Christophe Galfard ; tr. Laura Martín de Dios. |
| 260 |
_aMéxico : _bMontena, _c2008. |
||
| 300 |
_a220 p. : _bil. |
||
| 440 | 0 | _aInfinita | |
| 534 |
_pTítulo original: _tGeorge's secret key to the universe |
||
| 650 | 4 |
_aCOSMOLOGIA - _vLITERATURA JUVENIL _917401 |
|
| 650 | 4 |
_aESPACIO EXTERIOR - _vLITERATURA JUVENIL _98398 |
|
| 700 | 1 |
_aHawking, Stephen, _d1942-2018 _ecoaut. |
|
| 700 | 1 |
_aGalfard, Cristophe, _ecoaut. |
|
| 905 | _aLibro | ||
| 999 |
_c148378 _d148378 |
||